00625nam a22001457a 4500020001800000082001300018100002700031245010700058260004800165300002100213880005700234942001200291999001900303952015700322 a9787100011631 a170bSPI aSpinoza, Benedictus de aEthics/bChinese Translation of World Academic Famous Books (Chinese Edition) /cBenedictus de Spinoza aNew York :bOxford University Press,c2016. a269 p. ;c20 cm. 6245-02\ra伦理学/汉译世界学术名著丛书 / 2ddccBK c591716d591716 00102ddc406170_000000000000000_SPI709582918aCLbCLcCHISTd2022-10-12eDonated by China Embassyl0o170 SPIpCL-D-2075r2022-10-12w2022-10-12yBK